[Event "VL-2022/23"]
[Site "MVP"]
[Date "2022.10.23"]
[Round "1.3"]
[White "Dettmann, Gerd"]
[Black "Markovych, Illya"]
[Result "1-0"]
[WhiteElo "2092"]
[BlackElo "2028"]
[PlyCount "85"]
[EventDate "2022.??.??"]
[EventType "team-tourn"]
[EventRounds "9"]
[EventCountry "GER"]
[WhiteTeam "Guestrow/Teterow"]
[BlackTeam "Makkabi Rostock"]
[WhiteTeamCountry "GER"]
[BlackTeamCountry "GER"]

1. e4 e6 2. d4 d5 3. Nc3 Nf6 4. e5 Nfd7 5. f4 c5 6. Nf3 Nc6 7. Be3 cxd4 8. Nxd4 a6 9. Qd2 Nxd4 10. Bxd4 Bc5 11. O-O-O Bxd4 12. Qxd4 Qb6 13. Be2 Qxd4 14. Rxd4 b6 15. Re1 Bb7 16. Bg4 g6 17. Bf3 h5 18. b3 O-O-O 19. Kb2 Nb8 20. Rd2 Nc6 21. Ne2 Kb8 22. c3 Ne7 23. Nd4 Rc8 24. Bd1 Rc7 25. Bc2 Ka7 26. Re3 Nc6 27. Nf3 Rd8 28. Nd4 Nxd4 29. cxd4 a5 30. Rdd3 Ba6 31. Rc3 Rdc8 32. Rxc7+ Rxc7 33. Bd1 Rc8 34. Rc3 Kb7 35. a3 Rc6 36. b4 axb4 37. axb4 Bc4 38. g4 hxg4 39. Bxg4 Ka6 40. Bd1 Rc8 41. Ra3+ Kb5 42. Ba4+ Kxb4 43. Bd7 1-0

[Event "VL-2022/23"]
[Site "MVP"]
[Date "2022.10.23"]
[Round "1.4"]
[White "Schamber, Dennis"]
[Black "Gebert-Vangeel, Ralf"]
[Result "0-1"]
[WhiteElo "1714"]
[BlackElo "2017"]
[PlyCount "80"]
[EventDate "2022.??.??"]
[EventType "team-tourn"]
[EventRounds "9"]
[EventCountry "GER"]
[WhiteTeam "Makkabi Rostock"]
[BlackTeam "Guestrow/Teterow"]
[WhiteTeamCountry "GER"]
[BlackTeamCountry "GER"]

1. d4 d5 2. c4 c6 3. Nc3 e6 4. Nf3 Nf6 5. Bf4 dxc4 6. Bxb8 Rxb8 7. Ne5 Bb4 8. a3 Bxc3+ 9. bxc3 Qa5 10. Qc2 Nd5 11. Rc1 Qxa3 12. e4 Nb6 13. Nxc4 Nxc4 14. Bxc4 b5 15. Rb1 O-O 16. O-O a6 17. Bd3 Qe7 18. e5 g6 19. f4 c5 20. dxc5 Qxc5+ 21. Kh1 Bb7 22. f5 exf5 23. Bxf5 Qxe5 24. Rbe1 Qg7 25. Bd3 Rbc8 26. c4 Qd4 27. Re7 Bd5 28. Rd1 Qf6 29. Qe2 Bxc4 30. Bxc4 Rxc4 31. h3 Rf4 32. Re8 Rxe8 33. Qxe8+ Kg7 34. Kh2 Rd4 35. Rxd4 Qxd4 36. Qc6 Qf6 37. Qb7 Qd6+ 38. Kh1 b4 39. h4 a5 40. h5 Qd1+ 0-1

[Event "VL-2022/23"]
[Site "MVP"]
[Date "2022.10.23"]
[Round "1.5"]
[White "Scharf, Christian"]
[Black "Roeste, Hugo"]
[Result "1-0"]
[WhiteElo "1336"]
[BlackElo "1613"]
[PlyCount "77"]
[EventDate "2022.??.??"]
[EventType "team-tourn"]
[EventRounds "9"]
[EventCountry "GER"]
[WhiteTeam "Guestrow/Teterow"]
[BlackTeam "Makkabi Rostock"]
[WhiteTeamCountry "GER"]
[BlackTeamCountry "GER"]

1. e4 c5 2. Nf3 a6 3. c3 d5 4. exd5 Qxd5 5. d4 e6 6. Be2 Nc6 7. O-O cxd4 8. Nxd4 Nxd4 9. cxd4 Nf6 10. Nc3 Qd8 11. Bf4 Be7 12. Bf3 O-O 13. Rc1 Nd5 14. Nxd5 exd5 15. Bc7 Qd7 16. Qb3 Qb5 17. Bxd5 Qxb3 18. Bxb3 Bf6 19. Be5 Bxe5 20. dxe5 Re8 21. Rc7 Be6 22. f4 b5 23. Bxe6 Rxe6 24. Rd1 g5 25. g3 gxf4 26. gxf4 f6 27. Rd6 Rae8 28. Rcc6 Kf7 29. Rxe6 Rxe6 30. Rxe6 Kxe6 31. exf6 Kxf6 32. Kf2 a5 33. b3 Ke6 34. Kf3 Kf5 35. h3 h6 36. Ke3 a4 37. b4 a3 38. Kf3 h5 39. Ke3 1-0

[Event "VL-2022/23"]
[Site "MVP"]
[Date "2022.10.23"]
[Round "1.7"]
[White "Kiel, Bernd"]
[Black "Roeste, Stein"]
[Result "1-0"]
[WhiteElo "1993"]
[BlackElo "1731"]
[PlyCount "67"]
[EventDate "2022.??.??"]
[EventType "team-tourn"]
[EventRounds "9"]
[EventCountry "GER"]
[WhiteTeam "Guestrow/Teterow"]
[BlackTeam "Makkabi Rostock"]
[WhiteTeamCountry "GER"]
[BlackTeamCountry "GER"]

1. e4 c5 2. c3 d5 3. exd5 Qxd5 4. d4 Nc6 5. Nf3 Bg4 6. dxc5 Qxd1+ 7. Kxd1 e5 8. b4 e4 9. h3 Bxf3+ 10. gxf3 exf3 11. Bb5 O-O-O+ 12. Nd2 Nge7 13. Kc2 Ne5 14. Nc4 N7g6 15. Nxe5 Nxe5 16. Bf4 Ng6 17. Bg3 Be7 18. Bc4 Rhf8 19. Rad1 Bh4 20. Rxd8+ Bxd8 21. Re1 Bc7 22. Bxc7 Kxc7 23. Bd5 h6 24. Bxf3 f6 25. c4 Ne5 26. Bd5 g5 27. Kc3 b6 28. cxb6+ axb6 29. a4 Rd8 30. Ra1 f5 31. a5 Nc6 32. axb6+ Kxb6 33. Bxc6 Kxc6 34. Ra6+ 1-0

[Event "VL-2022/23"]
[Site "MVP"]
[Date "2022.10.23"]
[Round "1.8"]
[White "Markovych, Leonid"]
[Black "Lippitz, Jaden"]
[Result "1/2-1/2"]
[WhiteElo "1296"]
[BlackElo "1481"]
[PlyCount "70"]
[EventDate "2022.??.??"]
[EventType "team-tourn"]
[EventRounds "9"]
[EventCountry "GER"]
[WhiteTeam "Makkabi Rostock"]
[BlackTeam "Guestrow/Teterow"]
[WhiteTeamCountry "GER"]
[BlackTeamCountry "GER"]

1. d4 Nf6 2. c4 d5 3. cxd5 Nxd5 4. e4 Nb6 5. Nc3 e6 6. Nf3 c5 7. Be2 cxd4 8. Nxd4 Be7 9. O-O O-O 10. a3 Bd7 11. Be3 Nc6 12. Nxc6 Bxc6 13. Qb3 Bg5 14. Bc5 Be7 15. Rfd1 Qc7 16. Bxe7 Qxe7 17. Bb5 Bxb5 18. Qxb5 Rfd8 19. h3 h6 20. Rac1 Rxd1+ 21. Rxd1 Rd8 22. Rxd8+ Qxd8 23. Qe2 Qc8 24. Kh2 Qc4 25. Qd1 Qc7+ 26. Kg1 Qd7 27. Qxd7 Nxd7 28. Nb5 a6 29. Nd6 b5 30. b4 Kf8 31. Nb7 Ke7 32. f3 f5 33. Kf2 f4 34. g3 g5 35. g4 e5 1/2-1/2

[Event "VL-2022/23"]
[Site "MVP"]
[Date "2022.11.06"]
[Round "2.1"]
[White "Luther, Alexander"]
[Black "Lehmann, Ruben"]
[Result "1-0"]
[WhiteElo "2085"]
[BlackElo "1985"]
[PlyCount "74"]
[EventDate "2022.??.??"]
[EventType "team-tourn"]
[EventRounds "9"]
[EventCountry "GER"]
[WhiteTeam "Guestrow/Teterow"]
[BlackTeam "HSG Stralsund"]
[WhiteTeamCountry "GER"]
[BlackTeamCountry "GER"]

1. d4 d5 2. c4 e6 3. Nc3 c6 4. e4 dxe4 5. Nxe4 Bb4+ 6. Nc3 c5 7. a3 Ba5 8. Be3 Nf6 9. Nge2 Ne4 (9... cxd4 10. Qxd4 Qxd4 11. Bxd4 Nc6 12. Bc5 Ne4 13. Be3 Nxc3 14. Nxc3 Bxc3+ 15. bxc3 $11) 10. Rc1 O-O 11. dxc5 Qe7 12. b4 Rd8 13. Qc2 Nxc3 14. Nxc3 Bc7 15. Nb5 f5 16. Nxc7 Qxc7 17. Rd1 Bd7 18. Qd2 h6 19. Qd6 Qc8 20. Be2 Nc6 21. b5 Be8 22. Qg3 Rxd1+ 23. Bxd1 Ne7 24. Bxh6 Ng6 25. Bh5 Kh7 26. Be3 f4 27. Bxg6+ Bxg6 28. Qxf4 Bd3 29. f3 Qf8 30. Kf2 Qe7 31. Rd1 e5 32. Qg5 Qxg5 33. Bxg5 Bxc4 34. a4 a6 35. b6 Rc8 36. Be7 Re8 37. Rd7 a5 1-0

[Event "VL-2022/23"]
[Site "MVP"]
[Date "2022.11.06"]
[Round "2.2"]
[White "Hubert, Peter"]
[Black "Seiler, Dirk"]
[Result "0-1"]
[WhiteElo "2114"]
[BlackElo "2128"]
[PlyCount "98"]
[EventDate "2022.??.??"]
[EventType "team-tourn"]
[EventRounds "9"]
[EventCountry "GER"]
[WhiteTeam "HSG Stralsund"]
[BlackTeam "Guestrow/Teterow"]
[WhiteTeamCountry "GER"]
[BlackTeamCountry "GER"]

1. Nf3 c5 2. c4 b6 3. Nc3 Bb7 4. e3 Nf6 5. d4 cxd4 6. exd4 g6 7. Be2 Bg7 8. O-O O-O 9. Bf4 a6 10. Qd2 d6 11. Bh6 Nbd7 12. Bxg7 Kxg7 13. d5 Nc5 14. b4 Nce4 15. Nxe4 Nxe4 16. Qe3 Nf6 17. a4 b5 18. Rfd1 (18. cxb5 Nxd5 19. Qd2 a5 20. bxa5 Qxa5 21. Rfc1 $18) 18... bxc4 19. Bxc4 Qd7 20. b5 $2 (20. h3 $14) 20... Rfc8 21. Qd4 Qg4 22. Qxg4 Nxg4 23. bxa6 Bxa6 24. Bxa6 Rxa6 25. h3 Nf6 26. Rd4 Ra5 27. Rb4 Nxd5 28. Rb7 Rc4 29. Rb5 Rxb5 30. axb5 Rb4 31. Rd1 Rxb5 32. Nd4 Rc5 33. Nb3 Rc3 34. Nd4 Nf4 35. Kh2 Rd3 36. Rxd3 Nxd3 37. Kg1 e5 38. Nb5 d5 39. Nc7 Nb4 40. Ne8+ Kf8 41. Nf6 Ke7 42. Nxh7 f6 43. g4 d4 44. g5 f5 45. Nf6 Ke6 46. h4 Nd5 47. Ng8 Nf4 48. Kf1 e4 49. Nf6 d3 0-1

[Event "VL-2022/23"]
[Site "MVP"]
[Date "2022.11.06"]
[Round "2.3"]
[White "Dettmann, Gerd"]
[Black "Mehl, Ronald"]
[Result "1/2-1/2"]
[WhiteElo "2092"]
[BlackElo "2099"]
[PlyCount "59"]
[EventDate "2022.??.??"]
[EventType "team-tourn"]
[EventRounds "9"]
[EventCountry "GER"]
[WhiteTeam "Guestrow/Teterow"]
[BlackTeam "HSG Stralsund"]
[WhiteTeamCountry "GER"]
[BlackTeamCountry "GER"]

1. e4 c5 2. Nf3 e6 3. d4 cxd4 4. Nxd4 a6 5. Be3 Qc7 6. Nc3 Nf6 7. f3 d6 8. Qd2 Nbd7 9. g4 h6 10. O-O-O Ne5 11. h4 Bd7 12. Be2 Nc4 13. Bxc4 Qxc4 14. g5 Nh5 15. f4 b5 16. a3 b4 17. axb4 Qxb4 18. Rhg1 Rb8 19. Nb3 a5 20. Qd4 $2 (20. Bc5 Qb7 21. Bxd6 Bxd6 22. Qxd6 hxg5 23. fxg5 Rd8 24. g6 $18) 20... a4 21. Qxb4 Rxb4 22. Rd4 d5 23. Nd2 Rxd4 24. Bxd4 Nxf4 25. exd5 hxg5 26. hxg5 exd5 27. Re1+ Kd8 28. Nf3 a3 29. Ne5 axb2+ 30. Kxb2 1/2-1/2

[Event "VL-2022/23"]
[Site "MVP"]
[Date "2022.11.06"]
[Round "2.4"]
[White "Paulowitz, Bernd-Rainer"]
[Black "Waschk, Armin"]
[Result "0-1"]
[WhiteElo "1904"]
[BlackElo "2130"]
[PlyCount "54"]
[EventDate "2022.??.??"]
[EventType "team-tourn"]
[EventRounds "9"]
[EventCountry "GER"]
[WhiteTeam "HSG Stralsund"]
[BlackTeam "Guestrow/Teterow"]
[WhiteTeamCountry "GER"]
[BlackTeamCountry "GER"]

1. d4 Nf6 2. Nf3 d5 3. c4 dxc4 4. e3 e6 5. Bxc4 Be7 6. O-O O-O 7. Nc3 Nbd7 8. Qe2 b6 9. e4 c6 10. Rd1 Bb7 11. Bg5 Rc8 12. Rac1 Re8 13. h3 b5 14. Bd3 b4 15. Na4 Qa5 16. b3 e5 17. Be3 (17. Bxf6 Bxf6 18. Nc5 Rc7 19. Nxb7 Rxb7 $18) 17... exd4 18. Bxd4 Bd6 19. Qb2 $2 (19. Bxf6 Nxf6 20. e5 c5 21. Bf5 Rcd8 22. Rxd6 Rxd6 23. Qc4 Rd5 24. Nxc5 Ba8 25. e6 $18) 19... c5 20. Bxf6 Nxf6 21. Bb1 Bf4 22. Rc4 Ba6 23. Rc2 Nxe4 24. Rd5 Red8 25. Rxd8+ Qxd8 26. Rc1 Bxc1 27. Qxc1 Bd3 0-1

[Event "VL-2022/23"]
[Site "MVP"]
[Date "2022.11.06"]
[Round "2.5"]
[White "Gebert-Vangeel, Ralf"]
[Black "Bramhoff, Jakob"]
[Result "1/2-1/2"]
[WhiteElo "2017"]
[BlackElo "1659"]
[PlyCount "88"]
[EventDate "2022.??.??"]
[EventType "team-tourn"]
[EventRounds "9"]
[EventCountry "GER"]
[WhiteTeam "Guestrow/Teterow"]
[BlackTeam "HSG Stralsund"]
[WhiteTeamCountry "GER"]
[BlackTeamCountry "GER"]

1. e4 e5 2. Nf3 Nc6 3. Bc4 Nf6 4. d3 Bc5 5. O-O d6 6. c3 a5 7. Re1 Ng4 8. d4 Ba7 9. h3 Nf6 10. Na3 exd4 11. cxd4 O-O 12. Nb5 Bb6 13. d5 Na7 14. Nc3 Re8 15. Qd3 Bd7 16. Bf4 Nc8 17. Bb3 Ne7 18. e5 Bf5 $2 (18... dxe5 19. Bxe5 (19. Nxe5 a4 20. Bc4 Ng6) 19... Ng6 $14) 19. Qd2 (19. Qc4 $1 Nd7 20. exd6 cxd6 21. g4 $18) 19... dxe5 20. Nxe5 Ng6 21. g4 $2 Nxe5 (21... Nxg4 $1 22. hxg4 (22. Nxg4 Qh4 23. Rxe8+ Rxe8 24. Re1 Rxe1+ 25. Qxe1 Bxg4 26. hxg4 Qxg4+ $19) 22... Qh4 $19) 22. Bxe5 Bg6 23. Qf4 Nd7 24. Bd4 Bxd4 25. Qxd4 Qh4 26. Kg2 Nf6 27. Ba4 Rxe1 28. Rxe1 h5 29. Bd1 Re8 30. Rxe8+ Nxe8 31. Qe3 Nd6 32. Be2 hxg4 33. hxg4 b5 34. f3 b4 35. Nb5 Nxb5 36. Bxb5 Qf6 37. Qe2 Qd6 38. Bc4 Qc5 39. f4 Bb1 40. g5 Qd4 41. Kg3 Be4 42. Bb3 $19 Qg1+ (42... g6 43. Kg4 Kf8 44. Kg3 Qg1+ 45. Kh3 Bf5+ 46. Kh4 Qd4 47. Kg3 Be4 48. Kh2 Bxd5) 43. Kh4 Qh1+ 44. Kg3 Qg1+ 1/2-1/2

[Event "VL-2022/23"]
[Site "MVP"]
[Date "2022.11.06"]
[Round "2.6"]
[White "Wellssow, Keoki"]
[Black "Scharf, Christian"]
[Result "0-1"]
[WhiteElo "1541"]
[BlackElo "1336"]
[PlyCount "38"]
[EventDate "2022.??.??"]
[EventType "team-tourn"]
[EventRounds "9"]
[EventCountry "GER"]
[WhiteTeam "HSG Stralsund"]
[BlackTeam "Guestrow/Teterow"]
[WhiteTeamCountry "GER"]
[BlackTeamCountry "GER"]

1. c4 Nf6 2. g3 c5 3. Bg2 d5 4. d4 e6 5. Nc3 cxd4 6. Nb5 Nc6 7. Nf3 Bc5 8. Bf4 Qa5+ 9. Kf1 O-O 10. Nc7 e5 11. Nxd5 exf4 12. Nxf6+ gxf6 13. gxf4 Kh8 14. Nh4 Qc7 15. Bxc6 Qxc6 16. f3 Bh3+ 17. Ng2 Rg8 18. Rg1 Rxg2 19. Rxg2 Rg8 0-1

[Event "VL-2022/23"]
[Site "MVP"]
[Date "2022.11.06"]
[Round "2.7"]
[White "Dettmann, Holger"]
[Black "Glawe, Hartmut"]
[Result "1-0"]
[WhiteElo "2003"]
[BlackElo "2017"]
[PlyCount "81"]
[EventDate "2022.??.??"]
[EventType "team-tourn"]
[EventRounds "9"]
[EventCountry "GER"]
[WhiteTeam "Guestrow/Teterow"]
[BlackTeam "HSG Stralsund"]
[WhiteTeamCountry "GER"]
[BlackTeamCountry "GER"]

1. d4 Nf6 2. Nc3 e6 3. e4 Bb4 $6 (3... d5 4. e5 Nfd7) 4. Bd3 c5 5. dxc5 Bxc3+ 6. bxc3 Qa5 7. Ne2 Qxc5 8. a4 Nc6 9. O-O Qh5 10. Ba3 Ne5 11. Bd6 Ng6 12. a5 Ng4 13. h3 N4e5 14. f4 Nc6 15. Qc1 Nge7 16. Qa3 f6 17. Nd4 a6 18. Bc4 f5 19. Rae1 fxe4 20. Rxe4 Nf5 21. Be2 Qg6 22. Bd3 Ncxd4 23. cxd4 Nxd6 24. Qxd6 Qf6 25. f5 Qe7 26. Qb6 O-O 27. d5 Qg5 28. dxe6 dxe6 29. Bc4 Kh8 30. Qd6 Rd8 31. Qe5 h6 32. fxe6 Qxe5 33. Rxe5 Re8 34. e7 Bd7 35. Bf7 Rec8 36. c4 Be8 37. Bd5 Rab8 38. Rf8+ Kh7 39. Re6 Bg6 40. Rxg6 Kxg6 41. Bf7+ 1-0

[Event "VL-2022/23"]
[Site "MVP"]
[Date "2022.11.06"]
[Round "2.1"]
[White "Tovmasyan, Minas"]
[Black "Stoevesand, Eric"]
[Result "1-0"]
[WhiteElo "1838"]
[BlackElo "1910"]
[PlyCount "61"]
[EventDate "2022.??.??"]
[EventType "team-tourn"]
[EventRounds "9"]
[EventCountry "GER"]
[WhiteTeam "Makkabi Rostock"]
[BlackTeam "SG Neubrandenburg"]
[WhiteTeamCountry "GER"]
[BlackTeamCountry "GER"]

1. d4 d5 2. c4 c6 3. Nf3 Nf6 4. Qb3 e6 5. g3 Be7 6. Bg2 O-O 7. O-O Nbd7 8. Nbd2 Rb8 9. Qc2 b5 10. b3 a5 11. Ne5 Nxe5 12. dxe5 Nd7 13. Nf3 Qb6 14. cxb5 cxb5 15. Be3 Bc5 16. Bxc5 Nxc5 17. Ng5 g6 18. Rac1 Na6 19. Qd2 Bb7 20. Qf4 h6 21. Nf3 Kg7 22. h4 Qd8 23. Nd4 Ba8 24. Rc3 Qd7 25. Rfc1 Qe7 26. Bf1 Rb6 27. e3 Rfb8 28. a4 bxa4 29. Bxa6 Rxa6 30. Rc7 Qd8 31. Qxf7+ 1-0

[Event "VL-2022/23"]
[Site "MVP"]
[Date "2022.11.06"]
[Round "2.3"]
[White "Schamber, Dennis"]
[Black "Kunow, Frank"]
[Result "0-1"]
[WhiteElo "1714"]
[BlackElo "1950"]
[PlyCount "74"]
[EventDate "2022.??.??"]
[EventType "team-tourn"]
[EventRounds "9"]
[EventCountry "GER"]
[WhiteTeam "Makkabi Rostock"]
[BlackTeam "SG Neubrandenburg"]
[WhiteTeamCountry "GER"]
[BlackTeamCountry "GER"]

1. d4 Nf6 2. c4 e6 3. Nf3 b6 4. Bg5 h6 5. Bh4 Bb7 6. e3 Be7 7. Bd3 Ne4 8. Bxe7 Qxe7 9. O-O O-O 10. Nbd2 f5 11. Qc2 Ng5 12. Nxg5 Qxg5 13. e4 Nc6 14. f4 Qe7 15. Qc3 Nb4 16. exf5 Nxd3 17. Qxd3 Rxf5 18. Rae1 Raf8 19. g3 Qd6 20. Ne4 Qc6 21. b4 d5 22. cxd5 Qxd5 23. Rf2 c5 24. bxc5 bxc5 25. Rd2 Rd8 26. Rc2 Rc8 27. Qb5 Qxd4+ 28. Nf2 Qd5 29. Ne4 Qd4+ 30. Nf2 Rf7 31. Rxe6 Qd5 32. Re4 Re7 33. Rce2 Bc6 34. Qb3 Qxb3 35. axb3 Bxe4 36. Rxe4 Rxe4 37. Nxe4 Rc6 0-1

[Event "VL-2022/23"]
[Site "MVP"]
[Date "2022.11.06"]
[Round "2.4"]
[White "Hoerhold, Martin"]
[Black "Roeste, Hugo"]
[Result "1/2-1/2"]
[WhiteElo "1828"]
[BlackElo "1613"]
[PlyCount "80"]
[EventDate "2022.??.??"]
[EventType "team-tourn"]
[EventRounds "9"]
[EventCountry "GER"]
[WhiteTeam "SG Neubrandenburg"]
[BlackTeam "Makkabi Rostock"]
[WhiteTeamCountry "GER"]
[BlackTeamCountry "GER"]

1. d4 d5 2. c4 e6 3. Nc3 Nf6 4. Bg5 Be7 5. Nf3 O-O 6. e3 Nbd7 7. Bd3 c6 8. O-O dxc4 9. Bxc4 b5 10. Bd3 Bb7 11. Rc1 a6 12. Ne4 Nd5 13. Bxe7 Qxe7 14. Nc5 Nxc5 15. Rxc5 Rfc8 16. Qd2 Rc7 17. Rfc1 Rac8 18. Bb1 Nb6 19. b4 Nd7 20. R5c2 Nb6 21. a3 Nc4 22. Qd3 g6 23. Nd2 Nxd2 24. Rxd2 Rd8 25. Rc5 Rcd7 26. Qc3 Rd5 27. Rc2 Rxc5 28. Qxc5 Qc7 29. Ba2 e5 30. Rd2 exd4 31. Rxd4 Rxd4 32. Qxd4 a5 33. Qf6 Qd7 34. h4 a4 35. h5 Qd1+ 36. Kh2 Qxh5+ 37. Kg3 g5 38. Qd8+ Kg7 39. Qd4+ Kg8 40. Qd8+ Kg7 1/2-1/2

[Event "VL-2022/23"]
[Site "MVP"]
[Date "2022.11.06"]
[Round "2.6"]
[White "Baier, Karsten"]
[Black "Roeste, Stein"]
[Result "1/2-1/2"]
[WhiteElo "1984"]
[BlackElo "1731"]
[PlyCount "62"]
[EventDate "2022.??.??"]
[EventType "team-tourn"]
[EventRounds "9"]
[EventCountry "GER"]
[WhiteTeam "SG Neubrandenburg"]
[BlackTeam "Makkabi Rostock"]
[WhiteTeamCountry "GER"]
[BlackTeamCountry "GER"]

1. d4 d5 2. Nf3 Bf5 3. Bf4 Nc6 4. c3 e6 5. h3 h6 6. Nbd2 Bd6 7. Ne5 Nxe5 8. dxe5 Bc5 9. b4 Bb6 10. a4 a6 11. a5 Ba7 12. e3 Ne7 13. Nf3 O-O 14. Bd3 Bxd3 15. Qxd3 Nf5 16. Ke2 Qd7 17. g4 Ne7 18. h4 Qb5 19. Qxb5 axb5 20. h5 Rac8 21. Nd4 Bxd4 22. exd4 Ra8 23. Rhg1 Kh7 24. Bg3 g6 25. f4 gxh5 26. gxh5 Nf5 27. Bf2 Rg8 28. Kf3 Rxg1 29. Rxg1 Rg8 30. Ra1 Ra8 31. Rg1 Rg8 1/2-1/2

[Event "VL-2022/23"]
[Site "MVP"]
[Date "2022.11.06"]
[Round "2.7"]
[White "Markovych, Leonid"]
[Black "Hartung, Lothar"]
[Result "0-1"]
[WhiteElo "1296"]
[BlackElo "1921"]
[PlyCount "96"]
[EventDate "2022.??.??"]
[EventType "team-tourn"]
[EventRounds "9"]
[EventCountry "GER"]
[WhiteTeam "Makkabi Rostock"]
[BlackTeam "SG Neubrandenburg"]
[WhiteTeamCountry "GER"]
[BlackTeamCountry "GER"]

1. d4 d5 2. c4 e6 3. Nf3 c5 4. e3 Nf6 5. Nc3 Nc6 6. Bd3 a6 7. a3 cxd4 8. exd4 dxc4 9. Bxc4 Be7 10. O-O O-O 11. h3 b5 12. Be2 Bb7 13. b4 Rc8 14. Bb2 Re8 15. Qd2 Bf8 16. Rfd1 Ne7 17. Ne5 Ned5 18. Nxb5 axb5 19. Bxb5 Re7 20. Rac1 Rec7 21. Rxc7 Rxc7 22. Rc1 Qc8 23. Rxc7 Qxc7 24. Bd3 Nd7 25. Nxd7 Qxd7 26. b5 Qc7 27. Qc2 Qxc2 28. Bxc2 Bd6 29. Kf1 h6 30. g3 Nb6 31. a4 Bb4 32. Ke2 f5 33. Bb3 Kf7 34. Bc1 Bd5 35. Bxd5 exd5 36. Bd2 Bxd2 37. Kxd2 Nxa4 38. Kc2 Ke6 39. Kb3 Nb6 40. Kb4 Kd6 41. Ka5 Kc7 42. Ka6 g5 43. f4 gxf4 44. gxf4 h5 45. h4 Nc8 46. Ka5 Kb7 47. b6 Nxb6 48. Kb5 Nd7 0-1

[Event "VL-2022/23"]
[Site "MVP"]
[Date "2022.11.06"]
[Round "2.4"]
[White "Troemer, Felix"]
[Black "Lanz, Joerg"]
[Result "1-0"]
[WhiteElo "1753"]
[BlackElo "2055"]
[PlyCount "107"]
[EventDate "2022.??.??"]
[EventType "team-tourn"]
[EventRounds "9"]
[EventCountry "GER"]
[WhiteTeam "SAV Torgelow II"]
[BlackTeam "GW Wismar"]
[WhiteTeamCountry "GER"]
[BlackTeamCountry "GER"]

1. e4 Nf6 2. e5 Nd5 3. Nf3 d6 4. b3 Bg4 5. Bb2 dxe5 6. Bxe5 f6 7. Bb2 e5 8. h3 Bh5 9. Be2 Nc6 10. O-O Bd6 11. Nc3 Nxc3 12. Bxc3 Qe7 13. d4 e4 14. Nh4 Bg6 15. Bg4 Rf8 16. Bf5 Bxf5 17. Nxf5 Qd7 18. Qg4 O-O-O 19. Nxd6+ cxd6 20. Qxe4 f5 21. Qd3 f4 22. f3 g5 23. d5 Ne7 24. Rfe1 Rf7 25. Rad1 Nf5 26. Bd4 Kb8 27. c4 h5 28. Re6 Rg8 29. Rde1 b6 30. R1e2 g4 31. fxg4 hxg4 32. hxg4 Ng3 33. Re1 Rxg4 34. Rxd6 Qxd6 35. Be5 Nf5 36. Bxd6+ Nxd6 37. Kf1 Rg3 38. Qd4 f3 39. gxf3 Rfxf3+ 40. Ke2 Nf5 41. Qe5+ Kb7 42. Kd2 Rd3+ 43. Kc1 Rgf3 44. Kb2 Rd2+ 45. Ka3 a5 46. Qe8 Rff2 47. Ra1 Nd4 {(=)} 48. Qd7+ Ka6 49. Qc8+ Ka7 50. d6 Nc2+ 51. Ka4 Nxa1 52. Kb5 Nc2 53. Qc7+ Ka8 54. Kxb6 1-0

[Event "VL-2022/23"]
[Site "MVP"]
[Date "2022.11.06"]
[Round "2.7"]
[White "Podolskiy, Alexander"]
[Black "Schmekel, Matthias"]
[Result "1/2-1/2"]
[WhiteElo "1970"]
[BlackElo "1938"]
[PlyCount "47"]
[EventDate "2022.??.??"]
[EventType "team-tourn"]
[EventRounds "9"]
[EventCountry "GER"]
[WhiteTeam "GW Wismar"]
[BlackTeam "SAV Torgelow II"]
[WhiteTeamCountry "GER"]
[BlackTeamCountry "GER"]

1. e4 c5 2. Nf3 Nc6 3. d4 cxd4 4. Nxd4 Nf6 5. Nc3 a6 6. f4 d6 7. Be2 Qb6 8. Nxc6 bxc6 9. h3 Bb7 10. Qd3 Rd8 11. Be3 Qc7 12. O-O e5 13. Rad1 Be7 14. fxe5 dxe5 15. Qc4 O-O 16. Bc5 Rfe8 17. Na4 Bxc5+ 18. Nxc5 Rxd1 19. Rxd1 Qb6 20. b4 Bc8 21. Kh2 a5 22. c3 Be6 23. Nxe6 Rxe6 24. a3 1/2-1/2

[Event "VL-2022/23"]
[Site "MVP"]
[Date "2022.11.06"]
[Round "2.1"]
[White "Hornych, Christoph"]
[Black "Schreiber, Felix"]
[Result "1/2-1/2"]
[WhiteElo "2171"]
[BlackElo "1987"]
[PlyCount "66"]
[EventDate "2022.??.??"]
[EventType "team-tourn"]
[EventRounds "9"]
[EventCountry "GER"]
[WhiteTeam "SF Schwerin II"]
[BlackTeam "Mecklenburger Springer"]
[WhiteTeamCountry "GER"]
[BlackTeamCountry "GER"]

1. e4 c5 2. Nf3 d6 3. d4 cxd4 4. Nxd4 Nf6 5. Nc3 a6 6. Bc4 e6 7. a4 Be7 8. Qe2 Nc6 9. Be3 Qc7 10. O-O O-O 11. Ba2 Bd7 12. Rad1 b5 13. axb5 Nxd4 14. Rxd4 axb5 15. Bb3 Qb7 16. f3 b4 17. Na2 d5 18. exd5 Bc5 19. Rd3 Bxe3+ 20. Qxe3 Nxd5 21. Qe4 Bb5 22. Bxd5 Qxd5 23. Qxd5 exd5 24. Nxb4 Bxd3 25. Nxd3 d4 26. Rd1 Rfc8 27. Rd2 Ra2 28. Kf2 Re8 29. f4 f6 30. Rd1 Kf7 31. h3 Rc8 32. Rd2 Ra1 33. Kf3 Re8 1/2-1/2

[Event "VL-2022/23"]
[Site "MVP"]
[Date "2022.11.06"]
[Round "2.2"]
[White "Schreiber, Nico"]
[Black "Fischer, Torsten"]
[Result "0-1"]
[WhiteElo "1831"]
[BlackElo "2026"]
[PlyCount "106"]
[EventDate "2022.??.??"]
[EventType "team-tourn"]
[EventRounds "9"]
[EventCountry "GER"]
[WhiteTeam "Mecklenburger Springer"]
[BlackTeam "SF Schwerin II"]
[WhiteTeamCountry "GER"]
[BlackTeamCountry "GER"]

1. d4 Nf6 2. Nf3 e6 3. Bg5 c5 4. Bxf6 Qxf6 5. e3 Nc6 6. c3 b6 7. Nbd2 Bb7 8. dxc5 bxc5 9. Ne4 Qe7 10. Bb5 d5 11. Ng3 Qc7 12. O-O Be7 13. e4 O-O 14. exd5 exd5 15. Bd3 g6 16. Re1 Bf6 17. Rc1 Rad8 18. Bb1 Ne5 19. Nxe5 Bxe5 20. Qg4 Kh8 21. Rcd1 f5 22. Qe2 Rde8 23. Qb5 f4 24. Nf1 f3 25. gxf3 a6 26. Qd3 Qf7 27. Re3 d4 28. cxd4 Bxd4 29. Rxe8 Rxe8 30. Kg2 Rf8 31. Nd2 Qf4 32. Rg1 Qh4 33. Qe2 Bc8 34. Ne4 Be5 35. Ng3 Qf6 36. b3 Bd7 37. Re1 Re8 38. Be4 h5 39. Qc2 h4 40. Ne2 Bd6 41. Qd2 Kg7 42. Qc3 Be5 43. Qxc5 Bb5 44. Qc1 Bxe2 45. Rxe2 Bf4 46. Qd1 Rd8 47. Qc2 h3+ 48. Kf1 Qg5 49. Re3 Bxh2 50. Bd3 Bf4 51. Qc3+ Kh6 52. Re6 h2 53. Bxg6 h1=Q+ 0-1

[Event "VL-2022/23"]
[Site "MVP"]
[Date "2022.11.06"]
[Round "2.3"]
[White "Kutschke, Peter"]
[Black "Hopp, Peter"]
[Result "1/2-1/2"]
[WhiteElo "1993"]
[BlackElo "1831"]
[PlyCount "45"]
[EventDate "2022.??.??"]
[EventType "team-tourn"]
[EventRounds "9"]
[EventCountry "GER"]
[WhiteTeam "SF Schwerin II"]
[BlackTeam "Mecklenburger Springer"]
[WhiteTeamCountry "GER"]
[BlackTeamCountry "GER"]

1. e4 d5 2. exd5 Qxd5 3. Nc3 Qa5 4. d4 c6 5. Bc4 Nf6 6. Nf3 Bf5 7. Bd2 Nbd7 8. Nd5 Qd8 9. Ne3 Bg6 10. Ne5 e6 11. Nxg6 hxg6 12. c3 Ne4 13. Qe2 Nxd2 14. Qxd2 Nf6 15. O-O-O Bd6 16. h3 Qc7 17. Rhe1 O-O-O 18. Qc2 Rhe8 19. Kb1 Re7 20. Bb3 Bf4 21. Nc4 Nd5 22. a3 Nb6 23. Nxb6+ 1/2-1/2